000 00780nam a2200241Ia 4500
003 OSt
005 20220927105330.0
006 a|||||r|||| 00| 0
007 ta
008 220926b |||||||| |||| 00| 0 eng d
024 _a188753
037 _cReference Collections
040 _aRTL
_cRTL
_beng
041 _2eng
_aeng
082 _a"X:(G:55)s, P9/UN"
110 _aUNITED NATIONS ECONOMIC AND SOCIAL COMMISSION FOR WESTERN ASIA
245 0 _aCompendium of environment statistics in the ESCWA Region 2008-2009.
260 _aNew
_bYork United Nations
_c2009
300 _a"xvii, 166p"
_ccm.
700 _aUNITED NATIONS ECONOMIC AND SOCIAL COMMISSION FOR WESTERN ASIA
942 _h"X:(G:55)s, P9/UN"
_cCC
999 _c691889
_d691889